00752nam a22001817a 45000010005000000030008000050050017000130080041000300350018000710400026000890410008001150820015001231000012001382450318001502600044004683000019005126500039005319949BD-RjUL20211208234853.0140122s1951 cau ||| |||| 00| 0 eng d a(BD-RjUL)9995 aBD-RjULbengcBD-RjUL aeng a347.2bGHL1 aGhosh,A14aThe Laws of compulsory acquisition and compensation in India, Pakistan and Burma, including the Land acquisition act, I of 1894, with the Land acquisition (mines) act XVIII of 1885 and extracts from other central and state enactments on compulsory acquisition and compensation in India, Pakistan & Burma.cGhosh,A aCalcutta :b Eastern Law House, c1951 a638p. ;c21cm.07aIndia. Land Acquisition Act, 1894.